000 01186nam a2200325 a 4500
001 2564733
003 ARRUPE
005 20150218131903.0
008 940808s1994 gw b 000 0 eng d
010 _a 95106771
020 _a3894738375
035 _a(OCoLC)30901315
040 _aMiYEM
_cMiYEM
_dDLC
042 _alccopycat
043 _af-rh---
050 0 4 _aLA1591
_b.K87 1994
082 0 0 _a370/.96891
_220
100 1 _aKüster, Sybille.
_915310
245 1 0 _aNeither cultural imperialism nor precious gift of civilization :
_bAfrican education in colonial Zimbabwe 1890-1962 /
_cSybille Küster.
260 _aMünster :
_bLit,
_c[1994?]
300 _aiii, 252 p. ;
_c21 cm.
440 0 _aStudien zur afrikanischen Geschichte ;
_vBd. 8
_915311
504 _aIncludes bibliographical references (p. [232]-252).
650 0 _aEducation
_zZimbabwe
_xHistory.
_915312
650 0 _aBlacks
_xEducation
_zZimbabwe
_xHistory.
_915313
740 0 _aAfrican education in colonial Zimbabwe 1890-1962.
906 _a7
_bcbc
_ccopycat
_d2
_encip
_f19
_gy-gencatlg
942 _2lcc
_cMONOGRAPH
999 _c122104
_d122104